000 00431nam a2200181Ia 4500
001 9043
005 20260306160654.0
008 260306t2008||||xx |||||||||||||| ||spa||
041 _aESP
082 _a372.4
_bC93T
100 _aCuadro Moreno, Oswaldo
_eAUT
245 0 _aCómo preparar hijos triunfadores
260 _c2008
300 _a371 páginas :
_c20 cm.
650 _aGEN
654 _aCED
942 _cLIB
_dJUS
_fJUS
_2ddc
_n
999 _c9043
_d9043